000 01638cam a22003854a 4500
999 _c13060
_d13060
001 12540093
003 MAJU-Karachi
005 20210520093649.0
008 010920s2002 nyua b 001 0 eng
010 _a 2001046809
020 _a0471443336 (set : alk. paper)
020 _a0471377775 (v. 1 : cloth : alk. paper)
020 _a047138030X (v. 2 : cloth : alk. paper)
020 _a0471380474 (v. 3 : cloth : alk. paper)
020 _a0471378887 (v. 4 : cloth : alk. paper)
040 _aDLC
_cDLC
_dDLC
042 _apcc
050 0 0 _aBF181
_b.H336 2002
082 0 0 _a150
_221
130 0 _aHandbook of experimental psychology.
245 1 0 _aStevens' handbook of experimental psychology /
_cHal Pashler, editor-in-chief.
250 _a3rd ed.
260 _aNew York :
_bJohn Wiley & Sons,
_cc2002.
300 _a4 v. :
_bill. ;
_c26 cm.
504 _aIncludes bibliographical references and index.
505 0 _av. 1. Sensation and perception -- v. 2. Memory and cognitive processes -- v. 3. Learning, motivation, and emotion -- v. 4. Methodology in experimental psychology.
650 0 _aPsychology, Experimental.
700 1 _aStevens, S. S.
_q(Stanley Smith),
_d1906-1973.
700 1 _aPashler, Harold E.
856 4 2 _3Publisher description
_uhttp://www.loc.gov/catdir/description/wiley035/2001046809.html
856 4 1 _3Table of contents
_uhttp://www.loc.gov/catdir/toc/wiley021/2001046809.html
906 _a7
_bcbc
_corignew
_d1
_eocip
_f20
_gy-gencatlg
942 _2ddc
_cPSYCHOLOGY